Powiat Pajęczański - Statystyki

Ogólne statystyki
  • Ten quiz został rozwiązany 35 razy
  • Średni wynik to 5 z 8
Statystyki odpowiedzi
Hint Odpowiedź % Poprawnych
południe Pajęczno
100%
południowy-wschód Działoszyn
76%
północ Rząśnia
68%
północny-zachód Sulmierzyce
68%
północny-wschód Siemkowice
60%
południowy-zachód Nowa Brzeźnica
56%
zachód Strzelce Wielkie
56%
północ Kiełczygłów
48%
Nie znaleziono quizów pasujących do podanych kryteriów
Rozkład punktacji
Procent ludzi z każdym wynikiem
Percentyl według liczby udzielonych odpowiedzi
Twoja historia wyników
Nie rozwiązałeś tego quizu